[Event "Titled Tue 26th Aug Early"]
[Site "chess.com INT"]
[Date "2025.08.26"]
[Round "11"]
[White "Kulik, Nicolas"]
[Black "Khusnitdinova, Husnorakhon"]
[Result "1-0"]
[BlackTitle "WCM"]
[WhiteElo "2111"]
[BlackElo "1804"]
[WhiteFideId "3009530"]
[BlackFideId "14228106"]
[EventDate "2025.08.26"]

1. e4 e5 2. Nf3 Nc6 3. Bb5 Nge7 4. O-O a6 5. Ba4 Ng6 6. c3 d5 7. exd5 Qxd5 8. d4
Bg4 9. Bb3 Bxf3 10. Bxd5 Bxd1 11. Rxd1 O-O-O 12. Bxf7 exd4 13. Bg5 Be7 14. Bxe7
Ngxe7 15. cxd4 Nxd4 16. Nc3 Nec6 17. Kf1 Rhf8 18. Bh5 Nf5 19. Rxd8+ Kxd8 20.
Rd1+ Kc8 21. Bg4 h5 22. Bh3 g5 23. Bxf5+ Rxf5 24. Rd5 Ne7 25. Rxf5 Nxf5 26. Ne4
g4 27. Nf6 Ng7 28. Ke2 Kd8 29. f4 gxf3+ 30. Kxf3 Ke7 31. Ne4 b6 32. Kf4 c5 33.
Ke5 Ne6 34. Ng3 b5 35. Nxh5 a5 36. Nf4 c4 37. Nxe6 b4 38. Nd4 a4 39. Nc6+ Kd7
40. Nxb4 a3 41. bxa3 c3 42. Kd4 1-0

[Event "Titled Tue 26th Aug Early"]
[Site "chess.com INT"]
[Date "2025.08.26"]
[Round "11"]
[White "Jahnz, Laurin"]
[Black "Baches Garcia, Guillermo"]
[Result "1/2-1/2"]
[WhiteTitle "CM"]
[BlackTitle "IM"]
[WhiteElo "2219"]
[BlackElo "2305"]
[WhiteFideId "16261089"]
[BlackFideId "2209764"]
[EventDate "2025.08.26"]

1. e4 c5 2. Nf3 d6 3. Bb5+ Bd7 4. Bxd7+ Qxd7 5. O-O Nf6 6. Qe2 Nc6 7. Rd1 e6 8.
c3 Be7 9. d4 cxd4 10. cxd4 d5 11. Nc3 dxe4 12. Nxe4 Nxe4 13. Qxe4 O-O 14. Ng5
Bxg5 15. Bxg5 Qd5 16. Qxd5 exd5 17. Rac1 Rfe8 18. Kf1 f6 19. Be3 Kf7 20. a3 Rac8
21. b4 h5 22. Rc5 Ne7 23. Rdc1 b6 24. Rxc8 Rxc8 25. Rxc8 Nxc8 26. b5 g5 27. Ke2
Nd6 28. a4 Ke6 29. Kd3 Nc4 30. Bc1 h4 31. g3 hxg3 32. fxg3 Kf5 33. h3 Kg6 34.
Ke2 Kf5 35. Kf3 Nd6 36. h4 gxh4 37. gxh4 Ne4 38. Bf4 Nc3 39. Bb8 Nxa4 40. Bxa7
Nc3 41. Bxb6 Nxb5 42. Bc5 Nc3 43. Ba7 Ne4 44. Bb8 Nd2+ 45. Ke2 Nc4 46. Kf3 Na5
47. Bf4 Nc6 48. Be3 Nd8 49. Bf2 Ne6 50. Be3 Ng7 51. Bf2 Nh5 52. Be3 Ng7 53. Bh6
Ne6 54. Be3 Kg6 55. Kg4 f5+ 56. Kf3 Kh5 57. Bf2 Nxd4+ 58. Bxd4 Kxh4 59. Kf4 Kh3
60. Kxf5 Kg2 61. Ke5 Kh1 62. Kxd5 1/2-1/2

[Event "Titled Tue 26th Aug Early"]
[Site "chess.com INT"]
[Date "2025.08.26"]
[Round "11"]
[White "Yeung, Jason"]
[Black "Duarte Cramer, Lily Jeanette"]
[Result "1-0"]
[WhiteTitle "FM"]
[BlackTitle "WCM"]
[WhiteElo "2158"]
[BlackElo "1904"]
[WhiteFideId "8203970"]
[BlackFideId "29620180"]
[EventDate "2025.08.26"]

1. d4 d5 2. Nc3 Nf6 3. Bf4 c5 4. e4 Nxe4 5. Bb5+ Bd7 6. Bxd7+ Qxd7 7. Nxe4 dxe4
8. dxc5 e6 9. b4 Be7 10. Qg4 Bf6 11. Rd1 Qc6 12. Ne2 Na6 13. c3 O-O 14. O-O Rad8
15. Bd6 Rfe8 16. Rb1 Nc7 17. c4 a6 18. Ng3 Be7 19. Bxe7 Rxe7 20. Qxe4 Qxe4 21.
Nxe4 Rd4 22. Nd6 Ne8 23. Rfd1 Rxd1+ 24. Rxd1 Nxd6 25. cxd6 Rd7 26. c5 f6 27. a4
Kf7 28. b5 axb5 29. axb5 e5 30. c6 bxc6 31. bxc6 Rd8 32. c7 Rc8 33. d7 Rxc7 34.
d8=Q Ra7 35. Rd7+ Rxd7 36. Qxd7+ Kg6 37. g4 h6 38. h4 Kh7 39. h5 e4 40. Qf5+ Kg8
41. Qxe4 f5 42. Qxf5 Kh8 43. f4 Kg8 44. g5 Kh8 45. g6 Kg8 46. Qf7+ Kh8 47. Qf8# 1-0

[Event "Titled Tue 26th Aug Early"]
[Site "chess.com INT"]
[Date "2025.08.26"]
[Round "11"]
[White "Al-Tarboush, Ward"]
[Black "Mullodzhanov, Nathaniel"]
[Result "1-0"]
[WhiteTitle "FM"]
[WhiteElo "2224"]
[BlackElo "2120"]
[WhiteFideId "7601450"]
[BlackFideId "30961580"]
[EventDate "2025.08.26"]

1. e4 c5 2. Nf3 d6 3. d4 cxd4 4. Nxd4 Nf6 5. Nc3 a6 6. h3 e5 7. Nde2 Be7 8. g4
h6 9. Bg2 b5 10. O-O Bb7 11. Ng3 g6 12. Be3 h5 13. g5 Nfd7 14. h4 Nb6 15. b3
N8d7 16. f4 b4 17. Nce2 exf4 18. Nxf4 Ne5 19. Qd2 Rc8 20. Qf2 Nbd7 21. Nd5 Bxd5
22. exd5 O-O 23. Bh3 Ng4 24. Bxg4 hxg4 25. Ne4 Ne5 26. Qg2 f5 27. gxf6 Bxf6 28.
Nxf6+ Rxf6 29. Bg5 Qb6+ 30. Kh1 Rf3 31. Rxf3 gxf3 32. Qh3 Re8 33. Rf1 Qd4 34. h5
Qxd5 35. hxg6 Qb7 36. Qh5 f2+ 37. Kh2 Nf3+ 38. Kg3 Re1 39. Bf6 Qg7 40. Bxg7 Kxg7
41. Qh7+ 1-0

[Event "Titled Tue 26th Aug Early"]
[Site "chess.com INT"]
[Date "2025.08.26"]
[Round "11"]
[White "Zlatin, Alexander"]
[Black "Fellowes, Billy"]
[Result "0-1"]
[WhiteTitle "FM"]
[BlackTitle "CM"]
[WhiteElo "2264"]
[BlackElo "2122"]
[WhiteFideId "2810549"]
[BlackFideId "483540"]
[EventDate "2025.08.26"]

1. e4 Nc6 2. d4 d5 3. e5 Bf5 4. Bd3 Nxd4 5. Nc3 e6 6. Be3 Bxd3 7. Qxd3 Nc6 8.
Nge2 Nxe5 9. Qb5+ Nd7 10. Qxb7 Ngf6 11. O-O-O Bd6 12. g4 Nxg4 13. Bxa7 O-O 14.
Rdg1 Nh6 15. Nd4 Nc5 16. Bxc5 Bxc5 17. Nc6 Qd6 18. Rg2 d4 19. Nb5 Qd5 20. a3
Rab8 21. Qxc7 Qxg2 22. Rd1 Rxb5 23. Ne5 Bd6 24. Qxd6 Qg5+ 25. Kb1 Qxe5 26. Qd7
d3 27. c3 Rfb8 28. b4 g6 29. Rxd3 Nf5 30. h4 Rd5 31. Rxd5 exd5 32. Kb2 d4 33. h5
dxc3+ 34. Kb3 c2 35. Kxc2 Qe2+ 36. Kb3 Qxh5 37. Qc7 Qf3+ 38. Kb2 Ra8 39. a4
Qxf2+ 40. Kb3 Qg3+ 41. Qxg3 Nxg3 42. b5 h5 43. b6 h4 44. Kb4 h3 45. b7 Rb8 46.
Ka5 Rxb7 47. Ka6 Rb1 48. a5 h2 49. Ka7 h1=Q 50. a6 Qg1+ 51. Ka8 Qg2+ 52. Ka7
Qf2+ 53. Ka8 Qf3+ 54. Ka7 Qe3+ 55. Ka8 Qe4+ 56. Ka7 Qd4+ 57. Ka8 Qd5+ 58. Ka7
Qc5+ 59. Ka8 Qc6+ 60. Ka7 Qb6+ 61. Ka8 Qxa6# 0-1

[Event "Titled Tue 26th Aug Early"]
[Site "chess.com INT"]
[Date "2025.08.26"]
[Round "11"]
[White "Simonovic, Miroslav"]
[Black "Thet Naung"]
[Result "1-0"]
[WhiteTitle "CM"]
[BlackTitle "FM"]
[WhiteElo "2092"]
[BlackElo "2267"]
[WhiteFideId "919152"]
[BlackFideId "13004093"]
[EventDate "2025.08.26"]

1. d4 Nf6 2. Bg5 c5 3. Bxf6 gxf6 4. c3 b6 5. d5 f5 6. g3 d6 7. Bg2 h5 8. h4 Nd7
9. e3 Nf6 10. Ne2 Bg7 11. Nf4 b5 12. a4 b4 13. O-O Ng4 14. a5 Rb8 15. Qd3 Be5
16. Ne2 Rg8 17. b3 bxc3 18. Nbxc3 Rxb3 19. Rfb1 Rxb1+ 20. Rxb1 Bd7 21. a6 Kf8
22. Rb7 Kg7 23. Rxa7 Bc8 24. Qb5 Kf6 25. e4 f4 26. gxf4 Bxc3 27. Nxc3 Nh6 28.
Kf1 Bg4 29. e5+ Kg7 30. Qb7 Qa5 31. Qxe7 Qxc3 32. Qf6+ Kh7 33. Rxf7+ Nxf7 34.
Qxf7+ Rg7 35. Be4+ Kh8 36. Qf8+ 1-0

[Event "Titled Tue 26th Aug Early"]
[Site "chess.com INT"]
[Date "2025.08.26"]
[Round "11"]
[White "Zhigalko, Sergei"]
[Black "Materia, Marco"]
[Result "1-0"]
[WhiteTitle "GM"]
[BlackTitle "IM"]
[WhiteElo "2572"]
[BlackElo "2500"]
[WhiteFideId "13502956"]
[BlackFideId "45150451"]
[EventDate "2025.08.26"]

1. e4 c6 2. d4 d5 3. e5 Bf5 4. Nf3 e6 5. Be2 c5 6. Be3 cxd4 7. Nxd4 Bg6 8. O-O
Ne7 9. Nd2 Nbc6 10. N2f3 Nf5 11. Nxf5 Bxf5 12. Nd4 Bg6 13. c4 Nxd4 14. Qxd4 Be7
15. cxd5 Qxd5 16. Qa4+ Kf8 17. Bf3 Qxe5 18. Bxb7 Rd8 19. Rad1 Rxd1 20. Rxd1 Qxb2
21. Qxa7 f6 22. Bc6 Qc2 23. Rc1 Qd3 24. Bc5 Bxc5 25. Qb8+ Ke7 26. Qc7+ Kf8 27.
Qc8+ Ke7 28. Qxh8 Bxf2+ 29. Kh1 Be3 30. Qxg7+ Bf7 31. Ra1 Qc3 32. Rf1 Bg5 33.
Bf3 Qd3 34. Rd1 Qc2 35. Bh5 Bd2 36. Qxf7+ Kd6 37. Qxf6 Kd5 38. Qf3+ Kd4 39. Qe2
Kc3 40. Rxd2 Qxd2 41. Qxd2+ Kxd2 42. Bf7 e5 43. Bd5 Kd3 44. a4 Kd4 45. Bf3 e4
46. Bh5 Kc4 47. Kg1 Kb4 48. Bd1 1-0

[Event "Titled Tue 26th Aug Early"]
[Site "chess.com INT"]
[Date "2025.08.26"]
[Round "11"]
[White "Tran Le Vy"]
[Black "Rabin, Evan"]
[Result "1-0"]
[WhiteTitle "WFM"]
[WhiteElo "1973"]
[BlackElo "1945"]
[WhiteFideId "12423599"]
[BlackFideId "2028670"]
[EventDate "2025.08.26"]

1. e4 Nf6 2. e5 Nd5 3. d4 d6 4. Bc4 Nb6 5. Bb3 dxe5 6. dxe5 Qxd1+ 7. Kxd1 Nc6 8.
f4 Bg4+ 9. Ke1 e6 10. Be3 O-O-O 11. Nd2 Na5 12. h3 Bf5 13. Ne2 Be7 14. Nd4 Bh4+
15. Ke2 Bg6 16. N2f3 Be7 17. Bd2 Nac4 18. Bxc4 Nxc4 19. Bc3 c5 20. Nb5 a6 21.
Nd6+ Nxd6 22. exd6 Bf6 23. Bxf6 gxf6 24. Rhd1 Rd7 25. Rd2 Rhd8 26. Rad1 b6 27.
g4 Kb7 28. g5 Bh5 29. gxf6 Kc6 30. Ke3 Bxf3 31. Kxf3 Rxd6 32. Rxd6+ Rxd6 33. Rg1
Rd2 34. Rg7 Rxc2 35. Rxf7 Rxb2 36. Rxh7 Kd6 37. Rb7 Kc6 38. Rb8 Kd7 39. f7 1-0

[Event "Titled Tue 26th Aug Early"]
[Site "chess.com INT"]
[Date "2025.08.26"]
[Round "11"]
[White "Papasimakopoulos, Alexandros"]
[Black "Naroditsky, Daniel"]
[Result "0-1"]
[WhiteTitle "IM"]
[BlackTitle "GM"]
[WhiteElo "2361"]
[BlackElo "2619"]
[WhiteFideId "4244125"]
[BlackFideId "2026961"]
[EventDate "2025.08.26"]

1. Nf3 Nf6 2. c4 g6 3. b3 Bg7 4. Bb2 O-O 5. g3 d6 6. d4 c5 7. Bg2 Nc6 8. O-O a6
9. e3 Bd7 10. Nc3 Rb8 11. Qe2 Qc8 12. Rac1 Bh3 13. Nd5 Bxg2 14. Kxg2 Re8 15.
dxc5 dxc5 16. Nxf6+ Bxf6 17. Bxf6 exf6 18. Rfd1 Qe6 19. Rd5 b6 20. Rcd1 Qe4 21.
Qd3 Qxd3 22. R5xd3 b5 23. Rd6 Nb4 24. Rxf6 bxc4 25. bxc4 Kg7 26. Rfd6 a5 27. a3
Nc2 28. R6d3 Rb2 29. R1d2 Reb8 30. a4 Ra2 31. Rd7 Rbb2 32. Kh3 Nb4 33. Rxb2 Rxb2
34. Kg2 Kf6 35. e4 Ra2 36. e5+ Ke6 37. Rd6+ Ke7 38. Ng5 Nc2 39. Rf6 Ne3+ 40. Kf3
Nxc4 41. Rxf7+ Ke8 42. Rxh7 Nxe5+ 43. Ke4 Ng4 44. f4 Nf6+ 45. Ke5 Nxh7 46. Nxh7
Rxa4 47. Nf6+ Kf7 48. Ne4 c4 49. Nc3 Rb4 50. g4 a4 51. h4 a3 52. g5 Rb2 53. h5
a2 54. hxg6+ Kxg6 0-1

[Event "Titled Tue 26th Aug Early"]
[Site "chess.com INT"]
[Date "2025.08.26"]
[Round "11"]
[White "Carrasco Miranda, Andres"]
[Black "Dandeniya, D D L N"]
[Result "0-1"]
[WhiteTitle "CM"]
[BlackTitle "CM"]
[WhiteElo "2226"]
[BlackElo "1985"]
[WhiteFideId "3405990"]
[BlackFideId "29928818"]
[EventDate "2025.08.26"]

1. d4 d6 2. Nf3 g6 3. g3 Bg7 4. Bg2 Nc6 5. O-O Bg4 6. c4 Bxf3 7. Bxf3 Nxd4 8.
Bxb7 Rb8 9. Bg2 c5 10. e3 Ne6 11. Bc6+ Kf8 12. Nc3 Nf6 13. b3 Nd7 14. Bb2 Ne5
15. Bd5 Nc7 16. Qe2 Nxd5 17. Nxd5 e6 18. f4 exd5 19. fxe5 dxe5 20. Qf3 f5 21.
cxd5 e4 22. Qxe4 Bxb2 23. Rad1 Kg7 24. Qc4 Qd6 25. e4 Bd4+ 26. Kh1 Qe5 27. Rf4
fxe4 28. d6 Rhf8 29. Rdf1 Rxf4 30. Rxf4 Rf8 31. d7 Qe7 32. Qd5 Rd8 33. Rxe4 Qxd7
34. Qg5 Bf6 35. Qxc5 Qd1+ 36. Kg2 Rd2+ 37. Kh3 Qf1+ 38. Kg4 h5+ 0-1

[Event "Titled Tue 26th Aug Early"]
[Site "chess.com INT"]
[Date "2025.08.26"]
[Round "11"]
[White "Iskusnyh, Sergei"]
[Black "Guliev, Gasan"]
[Result "1/2-1/2"]
[WhiteTitle "GM"]
[BlackTitle "CM"]
[WhiteElo "2440"]
[BlackElo "2123"]
[WhiteFideId "4120027"]
[BlackFideId "34165638"]
[EventDate "2025.08.26"]

1. d4 d5 2. c4 dxc4 3. e3 Nf6 4. Nf3 Bg4 5. Nbd2 e6 6. h3 Bh5 7. g4 Bg6 8. Ne5
Nbd7 9. Nxg6 hxg6 10. Bg2 Rb8 11. Nxc4 Bb4+ 12. Ke2 b5 13. Ne5 Nxe5 14. dxe5 Nd7
15. Bc6 Rb6 16. Qc2 Qh4 17. Rd1 Qxh3 18. Rxd7 Rxc6 19. Qxc6 Qxg4+ 20. Kf1 Qh3+
21. Ke2 Qg4+ 22. Kf1 Qh3+ 23. Ke2 Qg4+ 1/2-1/2

[Event "Titled Tue 26th Aug Early"]
[Site "chess.com INT"]
[Date "2025.08.26"]
[Round "11"]
[White "Grischuk, Alexander"]
[Black "Yeletsky, Ivan"]
[Result "1/2-1/2"]
[WhiteTitle "GM"]
[BlackTitle "FM"]
[WhiteElo "2667"]
[BlackElo "2469"]
[WhiteFideId "4126025"]
[BlackFideId "24180327"]
[EventDate "2025.08.26"]

1. e4 c5 2. Nf3 d6 3. d4 cxd4 4. Nxd4 Nf6 5. Nc3 a6 6. Bg5 e6 7. f3 Be7 8. Qd2
b5 9. O-O-O Bb7 10. h4 Nbd7 11. Kb1 Rc8 12. a3 h6 13. Be3 d5 14. exd5 Nxd5 15.
Nxd5 Bxd5 16. Nf5 O-O 17. Nxg7 Kxg7 18. Bxh6+ Kh8 19. Bd3 Bf6 20. Rh3 Rg8 21. g4
Ne5 22. g5 Bg7 23. Bxg7+ Rxg7 24. f4 Nc4 25. Qe2 Qa5 26. f5 Nxa3+ 27. bxa3 Qxa3
28. f6 Ba2+ 29. Ka1 Bd5+ 30. Kb1 Rh7 31. Bxh7 Ba2+ 32. Ka1 Bb3+ 33. Kb1 Ba2+ 34.
Ka1 Bb3+ 35. Kb1 Ba2+ 1/2-1/2

[Event "Titled Tue 26th Aug Early"]
[Site "chess.com INT"]
[Date "2025.08.26"]
[Round "11"]
[White "Shandrygin, Nikita"]
[Black "Brodowski, Piotr"]
[Result "1-0"]
[WhiteTitle "FM"]
[BlackTitle "IM"]
[WhiteElo "2209"]
[BlackElo "2457"]
[WhiteFideId "24198668"]
[BlackFideId "1124480"]
[EventDate "2025.08.26"]

1. e4 e5 2. Nf3 Nc6 3. d4 exd4 4. c3 dxc3 5. Nxc3 Bc5 6. Bc4 d6 7. O-O Nf6 8.
Bg5 h6 9. Bxf6 Qxf6 10. Nd5 Qd8 11. b4 Bb6 12. a4 a5 13. Nxb6 cxb6 14. b5 Ne5
15. Nxe5 dxe5 16. Qb3 O-O 17. Rfd1 Qe7 18. Rac1 Bd7 19. Bd5 Rac8 20. h3 Rxc1 21.
Rxc1 Rc8 22. Rd1 Rc7 23. Qg3 Kf8 24. f4 Rc2 25. fxe5 Be6 26. Bxe6 Qxe6 27. Rd8+
Ke7 28. Rd6 Qc4 29. Qxg7 Qc5+ 30. Kh2 Rf2 31. Rxh6 Qe3 32. Rf6 Rxf6 33. Qxf6+
Ke8 34. e6 fxe6 35. Qxe6+ Kd8 36. Qd5+ Ke7 37. Qe5+ Kd7 38. Qf5+ Ke7 39. e5 Qd4
40. Qf6+ Ke8 41. Qg6+ Ke7 42. Qg7+ Ke6 43. Qf6+ Kd7 44. e6+ 1-0

[Event "Titled Tue 26th Aug Early"]
[Site "chess.com INT"]
[Date "2025.08.26"]
[Round "11"]
[White "Bardyk, Artem"]
[Black "Torres Rebolledo, Alvaro"]
[Result "0-1"]
[WhiteTitle "FM"]
[BlackTitle "FM"]
[WhiteElo "2332"]
[BlackElo "2327"]
[WhiteFideId "34349979"]
[BlackFideId "54587670"]
[EventDate "2025.08.26"]

1. e4 c6 2. d4 g6 3. Nc3 Bg7 4. Nf3 d5 5. Be2 dxe4 6. Nxe4 Nf6 7. Nxf6+ exf6 8.
O-O O-O 9. Re1 a5 10. c4 a4 11. h3 Be6 12. Bf4 a3 13. b3 Na6 14. Qd2 Re8 15.
Rad1 Bf8 16. Qc1 Nb4 17. Qb1 Bf5 18. Qa1 Nc2 19. Qc1 Nxe1 20. Rxe1 Bb4 21. Bd2
Bxd2 22. Qxd2 Qa5 23. b4 Qc7 24. Rd1 Rad8 25. Bd3 Qd7 26. Qc3 Ra8 27. d5 cxd5
28. Bxf5 Qxf5 29. cxd5 Red8 30. Qd4 Ra6 31. Qe3 Rxd5 32. Rc1 Rd8 33. Kh2 Re6 34.
Qh6 g5 35. Rc3 Re2 36. Rxa3 Qf4+ 37. Kh1 Rd1+ 38. Ng1 Rxg1+ 39. Kxg1 Qxf2+ 40.
Kh1 Qxg2# 0-1

[Event "Titled Tue 26th Aug Early"]
[Site "chess.com INT"]
[Date "2025.08.26"]
[Round "11"]
[White "Pica, Eleni"]
[Black "Kiseleva, Arina"]
[Result "0-1"]
[WhiteTitle "WCM"]
[BlackTitle "WCM"]
[WhiteElo "1743"]
[BlackElo "2006"]
[WhiteFideId "5910005"]
[BlackFideId "4164989"]
[EventDate "2025.08.26"]

1. d4 Nf6 2. c4 e6 3. Nc3 Bb4 4. Qc2 O-O 5. a3 Bxc3+ 6. Qxc3 b6 7. Nf3 Bb7 8. g3
d6 9. Bg2 Nbd7 10. O-O Ne4 11. Qc2 f5 12. Nd2 Ndf6 13. f3 Nxd2 14. Bxd2 e5 15.
d5 Nd7 16. e4 f4 17. g4 g5 18. b4 Qe7 19. a4 a5 20. bxa5 bxa5 21. Rab1 Nc5 22.
Rb5 Qd7 23. Rxa5 Rxa5 24. Bxa5 Nxa4 25. Rb1 Nc5 26. Rb5 c6 27. Rb6 cxd5 28. cxd5
Ra8 29. Bb4 Ra1+ 30. Kf2 Qc7 31. Bxc5 dxc5 32. d6 Qxb6 33. d7 c4+ 34. Ke2 Ba6
35. Kd2 Qd4+ 36. Ke2 c3+ 0-1

[Event "Titled Tue 26th Aug Early"]
[Site "chess.com INT"]
[Date "2025.08.26"]
[Round "11"]
[White "Gong, Qianyun"]
[Black "Hejazipour, Mitra"]
[Result "1-0"]
[WhiteTitle "WGM"]
[BlackTitle "WGM"]
[WhiteElo "2229"]
[BlackElo "2329"]
[WhiteFideId "8602425"]
[BlackFideId "12505951"]
[EventDate "2025.08.26"]

1. d4 Nf6 2. c4 g6 3. Nf3 Bg7 4. g3 O-O 5. Bg2 c5 6. d5 d6 7. O-O b5 8. cxb5 a6
9. bxa6 Nxa6 10. Nc3 Qa5 11. Bd2 Rb8 12. b3 Bf5 13. Nh4 Bg4 14. h3 Bd7 15. e4
Ne8 16. Rc1 Nb4 17. a4 Nc7 18. Qe2 Bc8 19. Rfd1 Ba6 20. Qg4 h5 21. Qg5 Qb6 22.
Qxe7 Nd3 23. Rb1 Bd4 24. Rf1 Rbe8 25. Qg5 Nxf2 26. Rxf2 c4 27. Nd1 cxb3 28. Be3
Bd3 29. Bxd4 Qxd4 30. Rxb3 Bc2 31. Rb7 Qxd1+ 32. Kh2 Qd4 33. Rxc2 Na6 34. Nxg6
Qg7 35. Ne7+ Rxe7 36. Qxg7+ Kxg7 37. Rxe7 Nc5 38. a5 Ra8 39. Rf2 1-0

[Event "Titled Tue 26th Aug Early"]
[Site "chess.com INT"]
[Date "2025.08.26"]
[Round "11"]
[White "Li, Yilin"]
[Black "Chen, Yidong"]
[Result "1-0"]
[WhiteTitle "WFM"]
[WhiteElo "1921"]
[BlackElo "2068"]
[WhiteFideId "8610410"]
[BlackFideId "8607028"]
[EventDate "2025.08.26"]

1. e4 c5 2. Nf3 d6 3. d4 cxd4 4. Nxd4 Nf6 5. Nc3 a6 6. Be3 e5 7. Nb3 Be6 8. Be2
Be7 9. Qd2 Nbd7 10. O-O O-O 11. f3 Rc8 12. Nd5 Nxd5 13. exd5 Bf5 14. c3 Qc7 15.
Kh1 Rfe8 16. f4 exf4 17. Bxf4 Bg6 18. Nd4 Nc5 19. Bf3 h6 20. Rae1 Bf6 21. Bg4
Rcd8 22. Bf5 Bxd4 23. Bxg6 Bxc3 24. Bxf7+ Qxf7 25. Qxc3 Qxd5 26. Rd1 Qc6 27.
Bxh6 gxh6 28. Qg3+ Kh8 29. Rf7 Ne6 30. Qg6 1-0

[Event "Titled Tue 26th Aug Early"]
[Site "chess.com INT"]
[Date "2025.08.26"]
[Round "11"]
[White "Alcazar Jimenez, Jesus Alberto"]
[Black "Estrada Nieto, Julian"]
[Result "0-1"]
[WhiteTitle "FM"]
[BlackTitle "IM"]
[WhiteElo "2172"]
[BlackElo "2182"]
[WhiteFideId "2209756"]
[BlackFideId "5101018"]
[EventDate "2025.08.26"]

1. e4 e5 2. Nf3 Nc6 3. Bc4 Bc5 4. d3 Nf6 5. O-O a6 6. a4 Ba7 7. c3 d6 8. h3 h6
9. b4 g5 10. b5 Na5 11. Nxg5 hxg5 12. Bxg5 Nxc4 13. dxc4 Rg8 14. h4 Rxg5 15.
hxg5 Ng4 16. Nd2 Qxg5 17. Nf3 Qf4 18. bxa6 Bc5 19. axb7 Bxb7 20. Qd2 Qxe4 21.
Rae1 Qh7 22. Qf4 Qh5 23. Qg3 O-O-O 24. Nh2 Nxh2 25. Qxh2 Rh8 26. Qxh5 Rxh5 27.
a5 Rg5 0-1

[Event "Titled Tue 26th Aug Early"]
[Site "chess.com INT"]
[Date "2025.08.26"]
[Round "11"]
[White "Sobek, Jaroslav"]
[Black "Pechnikov, Artiom"]
[Result "1-0"]
[WhiteTitle "FM"]
[BlackTitle "CM"]
[WhiteElo "2195"]
[BlackElo "2014"]
[WhiteFideId "301388"]
[BlackFideId "24104124"]
[EventDate "2025.08.26"]

1. d4 d5 2. c4 e6 3. Nc3 Nf6 4. Bg5 c6 5. e3 Nbd7 6. Nf3 h6 7. Bh4 g5 8. Bg3 Nh5
9. cxd5 exd5 10. Bd3 Nxg3 11. hxg3 Bg7 12. Qc2 Qe7 13. O-O-O O-O 14. Kb1 Re8 15.
Bh7+ Kf8 16. Bd3 b5 17. Rhe1 Nf6 18. Ne5 Qd6 19. f4 Bg4 20. Rd2 a5 21. Bf5 Bxf5
22. Qxf5 a4 23. fxg5 hxg5 24. Rf2 a3 25. b3 b4 26. Ne2 c5 27. dxc5 Qxe5 28. Nd4
Qxf5+ 29. Rxf5 g4 30. Ref1 Ra6 31. c6 1-0

[Event "Titled Tue 26th Aug Early"]
[Site "chess.com INT"]
[Date "2025.08.26"]
[Round "11"]
[White "Terkiewicz, Bruno"]
[Black "Liu, Zachary Hankun"]
[Result "1/2-1/2"]
[WhiteTitle "CM"]
[WhiteElo "2128"]
[BlackElo "1998"]
[WhiteFideId "21093245"]
[BlackFideId "2640287"]
[EventDate "2025.08.26"]

1. c3 d5 2. h3 e5 3. d4 exd4 4. cxd4 Nf6 5. Nc3 Bd6 6. Nb5 Bb4+ 7. Bd2 Bxd2+ 8.
Qxd2 c6 9. Nc3 O-O 10. e3 Bf5 11. g4 Ne4 12. Qc2 Bg6 13. Bd3 Nxc3 14. Bxg6 hxg6
15. bxc3 Nd7 16. h4 Qe7 17. Nf3 Nf6 18. Ne5 Nd7 19. f4 f6 20. Nxd7 Qxe3+ 21. Kf1
Qf3+ 22. Kg1 Qxg4+ 23. Qg2 Qxd7 24. Qxg6 Qf7 25. h5 Qe6 26. Kf2 Rae8 27. Rae1
Qf7 28. f5 Rxe1 29. Rxe1 Qc7 30. Kg2 a5 31. h6 Kh8 32. Rh1 Kg8 33. Kf3 Qe7 34.
Rg1 Qe4+ 35. Kf2 Qc2+ 36. Kf1 Qd1+ 37. Kf2 Qd2+ 38. Kf1 Qd1+ 39. Kf2 Qd2+ 40.
Kf1 Qd1+ 1/2-1/2

[Event "Titled Tue 26th Aug Early"]
[Site "chess.com INT"]
[Date "2025.08.26"]
[Round "11"]
[White "Jin, Ashton"]
[Black "Parfenov, Viktor N."]
[Result "1-0"]
[BlackTitle "CM"]
[WhiteElo "2196"]
[BlackElo "2193"]
[WhiteFideId "30931908"]
[BlackFideId "4165969"]
[EventDate "2025.08.26"]

1. d4 d5 2. Bf4 c5 3. e3 cxd4 4. exd4 Nc6 5. Nf3 Nf6 6. Nbd2 Bf5 7. c3 e6 8. Qb3
Qc8 9. Nh4 Bg6 10. Nxg6 hxg6 11. Bd3 Qd7 12. O-O Bd6 13. Bxd6 Qxd6 14. g3 Ng4
15. Nf3 O-O 16. h3 Ne3 17. fxe3 Qxg3+ 18. Kh1 Qxh3+ 19. Nh2 Qxe3 20. Rf3 Qd2 21.
Rd1 Qg5 22. Qxb7 Ne7 23. Rg1 Qh4 24. Rg4 Qe1+ 25. Rf1 Qe3 26. Rf3 Qe1+ 27. Rg1
Qh4 28. Qc7 Rab8 29. Rg2 Nf5 30. Bxf5 gxf5 31. Qg3 Qxg3 32. Rfxg3 g6 33. Nf3 Kg7
34. Ne5 a5 35. Kg1 Rh8 36. Kf2 Rh4 37. Kf3 Kf6 38. Nc6 Rb5 39. b3 Rh8 40. Ne5
Rbb8 41. Nd7+ Ke7 42. Nxb8 Rxb8 43. Ke2 Kf6 44. Kd3 Rh8 45. a4 Rh1 46. b4 Ra1
47. b5 Rb1 48. Kc2 Ra1 49. b6 1-0

[Event "Titled Tue 26th Aug Early"]
[Site "chess.com INT"]
[Date "2025.08.26"]
[Round "11"]
[White "Fikiet, Alex"]
[Black "Feuerstack, Aljoscha"]
[Result "0-1"]
[BlackTitle "IM"]
[WhiteElo "2151"]
[BlackElo "2449"]
[WhiteFideId "2052717"]
[BlackFideId "4681932"]
[EventDate "2025.08.26"]

1. e4 c6 2. Nf3 d5 3. Nc3 a6 4. h3 dxe4 5. Nxe4 Bf5 6. Ng3 Bg6 7. Ne5 Nd7 8.
Nxg6 hxg6 9. d4 Ngf6 10. c3 e5 11. Bc4 Bd6 12. O-O Qc7 13. Bg5 exd4 14. Re1+ Kf8
15. Qxd4 Bxg3 16. fxg3 Qxg3 17. Bf4 Qh4 18. Qd6+ Kg8 19. Re7 Rf8 20. Rf1 Qh5 21.
Rxd7 Nxd7 22. Qxd7 Qc5+ 23. Qd4 Qxd4+ 24. cxd4 Rd8 25. Be3 Rd7 26. Rf4 Rh5 27.
Re4 Kf8 28. Kh2 Rf5 29. g4 Ra5 30. Bb3 Rb5 31. Kg3 a5 32. h4 a4 33. Bxa4 Rxb2
34. Bb3 Re7 35. Rxe7 Kxe7 36. h5 gxh5 37. gxh5 Rb1 38. h6 gxh6 39. Bxh6 f6 40.
Bf4 b6 41. Kf3 Rf1+ 42. Ke4 Kd7 43. Kd3 Rxf4 0-1

[Event "Titled Tue 26th Aug Early"]
[Site "chess.com INT"]
[Date "2025.08.26"]
[Round "11"]
[White "Szpar, Milosz"]
[Black "Bortnyk, Olexandr"]
[Result "0-1"]
[WhiteTitle "GM"]
[BlackTitle "GM"]
[WhiteElo "2490"]
[BlackElo "2601"]
[WhiteFideId "1184989"]
[BlackFideId "14120828"]
[EventDate "2025.08.26"]

1. d4 d6 2. e4 Nf6 3. Bd3 e5 4. c3 d5 5. dxe5 Nxe4 6. Nf3 Nc6 7. Nbd2 Nc5 8. Be2
Bg4 9. b4 Ne6 10. b5 Nb8 11. Qa4 Bh5 12. O-O Be7 13. Rd1 O-O 14. c4 c6 15. bxc6
bxc6 16. Nb3 a5 17. Be3 Na6 18. Rac1 Qb8 19. cxd5 cxd5 20. Rxd5 Nac7 21. Rxa5
Qb7 22. Qc6 Qxc6 23. Rxc6 Bb4 24. Rxa8 Rxa8 25. Rc4 Nd5 26. Nfd4 Bxe2 27. Nxe2
Rxa2 28. Nf4 Nexf4 29. Bxf4 Rb2 30. Rc8+ Bf8 31. e6 Rxb3 32. Bd6 Rb1+ 0-1